| 000 | 00557nam a2200217 a 4500 | ||
|---|---|---|---|
| 005 | 20210219152819.0 | ||
| 008 | 991125n 000 0 spa u | ||
| 035 | _aUPN01000062246 | ||
| 222 | _aCOMUNICACION EDUCATIVA SEP | ||
| 245 | _a700 seminarios y talleres dirigidos a normalistas | ||
| 300 | _a7 | ||
| 362 | _a1984 Año 1, no. 12, abr. | ||
| 653 | 0 | _aCAPACITACION | |
| 653 | 0 | _aCULTURA | |
| 653 | 0 | _aDIFUSION CULTURAL | |
| 653 | 0 | _aEDUCACION BASICA | |
| 653 | 0 | _aMEXICO | |
| 653 | 0 | _aMAESTROS | |
| 904 |
_aAC _b000057 |
||
| 905 | _aArticulo | ||
| 999 |
_c61596 _d61596 |
||